UBT Library

Kozier & Erb's fundamentals of nursing : (Record no. 47266)

000 -LEADER
fixed length control field 01168cam a22003614a 4500
001 - CONTROL NUMBER
control field 14535228
005 - DATE AND TIME OF LATEST TRANSACTION
control field 20180823042700.0
007 - PHYSICAL DESCRIPTION FIXED FIELD--GENERAL INFORMATION
fixed length control field co ugu||||||||
008 - FIXED-LENGTH DATA ELEMENTS--GENERAL INFORMATION
fixed length control field 060901s2008 njua b 001 0 eng
010 ## - LIBRARY OF CONGRESS CONTROL NUMBER
LC control number 2006029312
015 ## - NATIONAL BIBLIOGRAPHY NUMBER
National bibliography number GBA6A1914
Source bnb
016 7# - NATIONAL BIBLIOGRAPHIC AGENCY CONTROL NUMBER
Record control number 101286567
Source DNLM
016 7# - NATIONAL BIBLIOGRAPHIC AGENCY CONTROL NUMBER
Record control number 013618340
Source Uk
020 ## - INTERNATIONAL STANDARD BOOK NUMBER
International Standard Book Number 0131714686
020 ## - INTERNATIONAL STANDARD BOOK NUMBER
International Standard Book Number 9780131714687
035 ## - SYSTEM CONTROL NUMBER
System control number (OCoLC)ocm71273738
035 ## - SYSTEM CONTROL NUMBER
System control number (OCoLC)71273738
Canceled/invalid control number (OCoLC)76935593
-- (OCoLC)85184103
-- (OCoLC)85817607
040 ## - CATALOGING SOURCE
Original cataloging agency DNLM/DLC
Transcribing agency DLC
Modifying agency NLM
-- BAKER
-- C#P
-- YDX
-- YDXCP
-- UKM
-- DLC
041 ## - LANGUAGE CODE
Language code of text/sound track or separate title eng
042 ## - AUTHENTICATION CODE
Authentication code pcc
060 00 - NATIONAL LIBRARY OF MEDICINE CALL NUMBER
Classification number 2007 B-976
060 10 - NATIONAL LIBRARY OF MEDICINE CALL NUMBER
Classification number WY 100
Item number K882 2008
080 ## - UNIVERSAL DECIMAL CLASSIFICATION NUMBER
Universal Decimal Classification number 610.73
082 00 - DEWEY DECIMAL CLASSIFICATION NUMBER
Classification number 610.73
Edition number 22
100 ## - Rafti
Rafti 2
101 ## - Shkurtesa
Shkurtesa NUR
245 00 - TITLE STATEMENT
Title Kozier & Erb's fundamentals of nursing :
Statement of responsibility, etc Audrey Berman ... [et al.].
246 30 - VARYING FORM OF TITLE
Title proper/short title Fundamentals of nursing
504 ## - BIBLIOGRAPHY, ETC. NOTE
Bibliography, etc Includes bibliographical references and index.
906 ## - LOCAL DATA ELEMENT F, LDF (RLIN)
a 7
b cbc
c orignew
d 1
e ecip
f 20
g y-gencatlg
942 ## - ADDED ENTRY ELEMENTS (KOHA)
Source of classification or shelving scheme
Item type Books
Holdings
Withdrawn status Lost status Source of classification or shelving scheme Damaged status Not for loan Collection code Permanent location Current location Shelving location Date acquired Total Checkouts Full call number Barcode Date last seen Price effective from Koha item type
          Koleksioni i përgjithshem UBT - Lipjan UBT - Lipjan Koleksioni i përgjithshem 08/23/2018   610.73 BER 002-3012134 08/23/2018 08/23/2018 Books
UBT Library © 2015-2024. All rights reserved University Education for Business and Technology